000
00322nam a2200133Ia 4500
008
240624s9999 xx 000 0 und d
041
_a
eng
082
_a
658.404 IGN
100
_a
IGNOU
245
_a
TECHNOLOGY ISSUES AND IMPLICATIONS 1
260
_c
2003
_a
New Delhi
_b
IGNOU
300
_a
48 : p. : cm. ; 26
365
_c
RS
999
_c
7223
_d
7223